000 00528nam a2200229Ia 4500
003 OSt
005 20221006151739.0
006 a|||||r|||| 00| 0
007 ta
008 221006b |||||||| |||| 00| 0 eng d
020 _cP4.50
024 _a23,220
037 _cTextual
040 _aEASL
_cEASL
_beng
041 _2eng
_aeng
100 _aROBERTS J M
245 0 _aHistory of the world
260 _an
_bn
_c1980
300 _a1052p.
_ccm.
942 _cTEXL
_2CC
999 _c1091306
_d1091306